| 000 | 00507nam a2200181Ia 4500 | ||
|---|---|---|---|
| 008 | 151018s9999 xx 000 0 und d | ||
| 082 |
_bRBASDV33072 _a891.468 |
||
| 100 | _aलक्ष्मण लोंढे | ||
| 245 | _aपालवी | ||
| 250 | _b1 | ||
| 260 |
_bपुण्य _c2000 |
||
| 300 | _a160 | ||
| 600 | _aलक्ष्मण लोंढे | ||
| 630 | _aपालवी | ||
| 700 | _aलक्ष्मण लोंढे | ||
| 730 | _aपालवी | ||
| 942 | _cBOOK | ||
| 999 |
_c1032592 _d1032589 |
||